000 00343nam a2200157Ia 4500
005 20251020182614.0
008 200515s9999 xx 000 0 und d
082 _aSC/691.328(083.74)/P45
110 _aIninvi
245 0 _aConcreto armado
260 _aLima
260 _c1989
300 _a199
650 _aCONCRETO ARMADO
942 _cLIB
999 _c3447
_d3447